000 00567cam a22002171 4500
001 agr45000319
003 DLC
005 20260227111003.0
008 770912s1945 xx 000 0 eng
010 _aagr45000319
035 _a(OCoLC)3258451
040 _aDLC
_cOC
_dDLC
042 _apremarc
050 0 0 _aSF375
_b.W32
082 _a636.30824
100 1 _aWalker, Jasper Fletcher,
_d1879-
245 0 0 _aSheep breeding,
_cby J. F. Walker.
260 _aChicago, Ill.,
_bBreeder publications,
_cc1945.
300 _a128 p.
_billus.
_c20 cm.
650 0 _aSheep.
999 _c10408
_d10408